| 000 | 00583nam a22002057a 4500 | ||
|---|---|---|---|
| 001 | 19157 | ||
| 003 | BD-RjUL | ||
| 005 | 20211209000407.0 | ||
| 008 | 140223s2003 ii ||||| |||| 00| 0 eng d | ||
| 035 | _a(BD-RjUL)19215 | ||
| 040 |
_aBD-RjUL _beng _cBD-RjUL |
||
| 041 | _aeng | ||
| 082 |
_219 _a 338.470705 _bBAE 2003 |
||
| 100 |
_aBalagopal ,T. A. S. _qT. A. S.Balagopal. _958961 |
||
| 245 |
_aExport Management / _cT. A. S.Balagopal. |
||
| 260 |
_aMumbai : _bHimalaya Pub. House., _c2003. |
||
| 300 |
_a358 p. : _bill. ; _c25 cm. |
||
| 650 | _2 Export Management. | ||
| 942 |
_2ddc _cBK |
||
| 999 |
_c19157 _d19157 |
||